| 000 | 01414cam a22004095a 4500 | ||
|---|---|---|---|
| 999 |
_c4768 _d4768 |
||
| 003 | EG-ScBUE | ||
| 005 | 20191223091957.0 | ||
| 008 | 101021r20052004enka f 000 0 eng d | ||
| 020 | _a9781859647813 (Level 2) | ||
| 020 | _a1859647812 (Level 2) | ||
| 020 | _a185964791X (Level 3) | ||
| 020 | _a9781859647912 (Level 3) | ||
| 020 | _a1859647715 (Level 1) | ||
| 020 | _a9781859647714 (Level 1) | ||
| 040 |
_aEG-ScBUE _beng _erda _cEG-ScBUE _dEG-ScBUE |
||
| 082 | 0 | 4 |
_a428.34 _bPHI _222 |
| 100 | 1 |
_aPhillips, Terry, _d1949- _eauthor. |
|
| 245 | 1 | 0 |
_aSkills in English. _pSpeaking. _pCourse book / _cTerry phillips. |
| 246 | 3 | 0 | _aSpeaking |
| 246 | 3 | 0 | _aCourse book |
| 250 | _aSecond edition. | ||
| 250 | _aReprint edition. | ||
| 264 | 1 |
_aReading, U.K. : _bGarnet Education, _c2005. |
|
| 300 |
_a3 volumes : _billustrations ; _c25 cm |
||
| 336 |
_2rdacontent _atext _btxt |
||
| 337 |
_2rdamedia _aunmediated _bn |
||
| 338 |
_2rdacarrier _avolume _bnc |
||
| 505 | 0 | _aLevel 1 -- Level 2 -- Level 3 | |
| 520 | _aPreparing students for entry into colleges and universities. | ||
| 590 | _amahmoud sami | ||
| 650 | 7 |
_aEnglish language _xStudy and teaching _2BUEsh _v. _920584 |
|
| 650 | 7 |
_aEnglish language _xSpoken English. _2BUEsh _936034 |
|
| 650 | 7 |
_aEnglish language _xStudy and teaching _xForeign speakers. _2BUEsh |
|
| 653 |
_bHHUUEENN _cAugust2015 _cJuly2019 |
||
| 655 | _vReading book | ||
| 942 |
_2ddc _cBB |
||